Construir la arquitectura (Registro nro. 318859)

Detalles MARC
000 -ENCABEZADO
Número de control [NR] 01018nam a2200241 a 4500
005 - FECHA Y HORA DE LA ÚLTIMA TRANSACCIÓN
control field 20210625080441.0
008 - DE LONGITUD FIJA DE DATOS DE ELEMENTOS - INFORMACIÓN GENERAL
Elementos de longitud fija [NR] 120830s2010 sp a|||gr|||| 00| 0 spa d
020 ## - NUMERO INTERNACIONAL NORMALIZADO PARA LIBROS [R]
Número Internacional Normalizado del libro [NR] 9788425223518
040 ## - FUENTE DE CATALOGACION [NR]
Agencia de catalogación original [NR] CO-BoUCM
Idioma de catalogación [NR] spa
Quien Cataloga Deissy Garcia
Quien Clasifica Deissy Garcia
041 0# - CODIGO DE IDIOMA [R]
Código de idioma para texto/pista de sonido o título separado [R] Español
245 00 - MENCION DE TITULO [NR]
Título [NR] Construir la arquitectura
Parte restante del título [NR] del material en bruto al edificio
Mención de responsabilidad, etc. [NR] edición Andrea Deplazes ; [traducción Lola Beneitez-Heinrich]
260 ## - PUBLICACION, DISTRIBUCION, ETC. (PIE DE IMPRENTA) [R]
Lugar de publicación, distribución, etc. [R] Barcelona
Nombre del editor, distribuidor, etc. [R] Gustavo Gili
Fecha de publicación, distribución, etc. [R] 2010
300 ## - DESCRIPCION FISICA [R]
Extensión [R] 555 páginas
Otros detalles físicos [NR] ilustraciones
500 ## - NOTA GENERAL [R]
Nota general [NR] Bibliografía Básica - Facultad de Creación - Pregrado en Artes - Diseño - Arquitectura
504 ## - NOTA DE BIBLIOGRAFIA, ETC. [R]
Nota de bibliografía, etc. [NR] Incluye referencias bibliográficas e índices
650 #7 - ASIENTO SECUNDARIO DE MATERIA - TERMINO TEMATICO [R]
Término temático o nombre geográfico como elemento de entrada [NR] Materiales de construcción
Subdivisión de forma [R] Manuales
9 (RLIN) 103856
650 #7 - ASIENTO SECUNDARIO DE MATERIA - TERMINO TEMATICO [R]
Término temático o nombre geográfico como elemento de entrada [NR] Construcción
Subdivisión de forma [R] Manuales
9 (RLIN) 103857
650 #7 - ASIENTO SECUNDARIO DE MATERIA - TERMINO TEMATICO [R]
Término temático o nombre geográfico como elemento de entrada [NR] Arquitectura
Subdivisión de forma [R] Manuales
9 (RLIN) 103858
700 ## - ASIENTO SECUNDARIO - NOMBRE PERSONAL [R]
9 (RLIN) 103497
Nombre personal [NR] Deplazes, Andrea
Término de relación [R] editor
700 ## - ASIENTO SECUNDARIO - NOMBRE PERSONAL [R]
9 (RLIN) 35528
Nombre personal [NR] Beneitez-Heinrich, Lola
Término de relación [R] traductor
942 ## - ELEMENTOS DE ENTRADA AGREGADOS (KOHA)
Tipo de ítem principal el descrito en 300a Libro
Sistema de clasificación DEWEY
Tema principal Arte
Edición 1
Clasificación 721.044
Parte restante de la signatura top. C766
Título oculto en OPAC No
Existencias
Fecha de último préstamo Total préstamos Total Renewals Signatura topográfica Código de barras Última vez visto Ejemplar Costo de reposición Price effective from Tipo de ítem Perdido Sistema de clasificación Dañado No prestable Tipo de ítem específico Suprimido Ubicación habitual Ubicación actual Localización Fecha de creación Proveedor Forma de adquisición Costo
21/08/2024 1 1 721.044 C766 100167480 06/12/2025 Ej.1 248000.00 03/06/2021 Libro   DEWEY     Libro   Claustro Claustro 2do piso 03/06/2021 157 Compra 248000.00